000 00441nam a2200157 i 4500
001 95607
003 ES-MaACL
005 20230906181736.0
007 t|
008 050601s1967 sp ||||1| spa d
100 1 _aLleget, Marius.
_972750
245 1 0 _aMito y realidad de los platillos volantes /
_cMarius Lleget.
260 _aBarcelona :
_bTelstar,
_c1967.
300 _a191 p., 6 lám. ;
_c18 cm.
852 _aES-MaACL
_jC-32916
_bR.63667
999 _c95607
_d95607